000 02711cam a2200409 i 4500
999 _c533015
_d533015
001 18237636
003 NUST
005 20191210121000.0
008 140723s2014 enk 000 0 eng
010 _a 2014028981
020 _a9780230303324 (hardback)
038 _aMSOHAIL
040 _aDLC
_beng
_cDLC
_erda
_dDLC
042 _apcc
043 _ae-uk---
050 0 0 _aJN318
_b.G728 2014
082 0 0 _a320.60941
_223
084 _aPOL002000
_aPOL026000
_2bisacsh
100 1 _aGreed, Clara,
_d1948-
_924192
245 1 0 _aPlanning in the UK :
_ban introduction /
_cClara Greed ; with David Johnson.
264 1 _aHondmills, Basingstoke, Hampshire ;
_aNew York, NY :
_bPalgrave Macmillan,
_c2014.
300 _axix, 369 pages ;
_c26 cm
336 _atext
_btxt
_2rdacontent
337 _aunmediated
_bn
_2rdamedia
338 _avolume
_bnc
_2rdacarrier
505 8 _aMachine generated contents note: -- Preface -- PART I: PLANNING AND THE PLANNING SYSTEM -- 1. Introduction: Why Planning Matters -- 2. The Organisation of Planning -- 3. The Control of Development and the Development Process -- PART II: THE STORY OF PLANNING -- 4. The Historical Roots of Planning -- 5. Industrialisation: Reaction and Reform -- 6. From Industrialisation to Globalisation -- 7. Planning into the New Millennium -- 8. The History of the Theories behind Planning -- PART III: THE SCOPE OF MODERN PLANNING -- 9. Planning for the Countryside and other Green Areas -- 10. Sustainable Development -- 11. Regeneration, Retail and Renewal -- 12. Transportation Planning -- 13. Urban Design, Place-Making and Culture -- PART IV: PLANNING AND PEOPLE -- 14. The Social Aspects of Planning -- 15. Planning For Diversity and Equality: Women and Minorities -- 16. Planning and the Built Environment Professions.
520 _a"This accessible text introduces the history, theory and key issues of planning. It is designed to give those new to the subject, both planning and non-planning students, a concise overview of the whole field"--
_cProvided by publisher.
650 0 _aPolitical planning
_zGreat Britain.
_926668
650 7 _aPOLITICAL SCIENCE / Public Policy / City Planning & Urban Development.
_2bisacsh
_926669
650 7 _aPOLITICAL SCIENCE / Public Policy / Regional Planning.
_2bisacsh
_926670
651 0 _aGreat Britain
_xPolitics and government.
_926671
700 1 _aJohnson, David,
_d1958 February 12-
_926672
856 4 2 _3Cover image
_uhttp://www.netread.com/jcusers2/bk1388/324/9780230303324/image/lgcover.9780230303324.jpg
906 _a7
_bcbc
_corignew
_d1
_eecip
_f20
_gy-gencatlg
942 _2ddc
_cBK